Operations and Supply Management. (Record no. 2461)

MARC details
005 - DATE AND TIME OF LATEST TRANSACTION
control field 20250520064311.0
020 ## - INTERNATIONAL STANDARD BOOK NUMBER
International Standard Book Number 978-0-07-340329-8
082 ## - DEWEY DECIMAL CLASSIFICATION NUMBER
Classification number 658.5 JAC
100 ## - MAIN ENTRY--PERSONAL NAME
Author name JACOBS, F. R.
245 ## - TITLE STATEMENT
Title Operations and Supply Management.
250 ## - EDITION STATEMENT
Edition statement 12th Ed
260 ## - PUBLICATION, DISTRIBUTION, ETC.
Place of publication, distribution, etc. New York,
Name of publisher, distributor, etc. McGraw-Hill/ Irwin,
Date of publication, distribution, etc. 2009.
300 ## - PHYSICAL DESCRIPTION
Extent xix, 776p.: ill.; picture, table
Other physical details Index
Dimensions 28cm.
700 ## - ADDED ENTRY--PERSONAL NAME
Other authors/Editors CHASE, R. B. & AQUILANO, N. J.
856 ## - ELECTRONIC LOCATION AND ACCESS
Link text Access Online Book
Electronic name Supply Management
Path www.mhhe.com
942 ## - ADDED ENTRY ELEMENTS (KOHA)
Source of classification or shelving scheme Dewey Decimal Classification
Koha item type Books
Holdings
Date last seen Total checkouts Full call number Barcode Cost, replacement price Price effective from Koha item type Lost status Source of classification or shelving scheme Damaged status Not for loan Withdrawn status Home library Current library Shelving location Date acquired Cost, normal purchase price
05/20/2025   658.5 JAC 0000009260 180000.00 05/20/2025 Books   Dewey Decimal Classification       College of Business Education Main Library College of Business Education Main Library General Collection 09/07/2011 60000.00
05/20/2025   658.5 JAC 0000009261 180000.00 05/20/2025 Books   Dewey Decimal Classification       College of Business Education Main Library College of Business Education Main Library General Collection 09/07/2011 60000.00
05/20/2025   658.5 JAC 0000009262 180000.00 05/20/2025 Books   Dewey Decimal Classification       College of Business Education Main Library College of Business Education Main Library General Collection 09/07/2011 60000.00
05/20/2025   658.5 JAC 0000009263 180000.00 05/20/2025 Books   Dewey Decimal Classification       College of Business Education Main Library College of Business Education Main Library General Collection 09/07/2011 60000.00
05/20/2025   658.5 JAC 0000009264 180000.00 05/20/2025 Books   Dewey Decimal Classification       College of Business Education Main Library College of Business Education Main Library General Collection 09/07/2011 60000.00